[Event "Baltic Zonal 2017"]
[Site "Liepaja"]
[Date "2017.06.18"]
[Round "4"]
[White "Klabis, Rokas"]
[Black "Stremavicius, Titas"]
[Result "1-0"]
[WhiteElo "2348"]
[BlackElo "2448"]
[Annotator "TA"]
[PlyCount "77"]
[EventDate "2017.??.??"]
[EventType "swiss"]
[EventCountry "LAT"]
[SourceTitle "playchess.com"]
[Source "ChessBase"]
[SourceQuality "1"]

{[%evp 13,76,27,28,20,42,23,23,31,29,25,60,44,161,164,161,175,208,215,232,238,279,274,277,287,259,188,206,211,213,185,189,154,153,156,197,204,216,218,225,214,348,339,426,415,433,427,496,501,539,627,1633,1633,1341,1077,1527,1308,2195,2019,997,498,12831,1516,12835,2494,29999]} 1. e4 d6 2. d4 Nf6 3. Nc3 g6 4. f3 c6 5. Be3 b5 6. Qd2 Nbd7 7. h4 Nb6 {LiveBook: 19 Games. B07: Pirc Defence: Miscellaneous Systems} 8. Nh3 (8. b3 Qc7 9. a4 b4 10. Nd1 a5 11. Nb2 Bg7 12. Bh6 Bxh6 13. Qxh6 c5 14. d5 Bd7 15. Nc4 Nxc4 16. Bxc4 {0-1 (43) Stefanova,A (2505)-Onischuk,V (2613) Almaty 2016}) 8... Qc7 9. a4 $146 ({Predecessor:} 9. Bh6 Nc4 10. Bxc4 bxc4 11. Bxf8 Rxf8 12. Qe2 Ba6 13. e5 dxe5 14. Qxe5 O-O-O 15. Qxc7+ Kxc7 {½-½ (72) Sofieva,A (2345)-Abbasov,F (2298) Baku 2000}) 9... Nc4 {White has an edge.} 10. Bxc4 $1 bxc4 11. Nf4 Rb8 12. e5 Ng8 (12... dxe5 $14 13. dxe5 Qxe5) 13. exd6 $18 Qxd6 14. d5 $36 {[%cal Bd4d5,Bd5c6][%mdl 2080] White is really pushing.} Nf6 15. dxc6 ({Don't play} 15. Bxa7 $6 Rb7 $16) 15... Qxd2+ 16. Kxd2 Bh6 17. g4 Bxg4 18. fxg4 Nxg4 19. Nfd5 Nxe3 20. Nxe3 Rc8 21. h5 Rxc6 22. hxg6 hxg6 23. Ke2 Re6 24. Ncd5 Kf8 25. Kf3 Re5 26. Rae1 Kg7 (26... f5 $142 27. Nc7 c3) 27. Nxe7 Rxe7 {[#]} 28. Nf5+ $1 {[%mdl 512]} gxf5 29. Rxe7 {[%mdl 4096] Endgame KRR-KRB} Rb8 30. Rxa7 Rxb2 31. Rg1+ Kf8 32. Ra8+ Ke7 33. Re1+ Kd7 34. Ra7+ Kd8 35. Rh1 Rb6 36. Rxf7 (36. a5 $142 Rc6 37. a6) 36... Ra6 (36... Re6 $142 37. Rxf5 Re3+ 38. Kf2 Re6 39. Rd5+ Kc7 40. Rc5+ Kb7) 37. Rh7 (37. Rb1 $142 Ke8 38. Rh7) 37... Bf8 38. Rb1 {[%cal Rb1b8] [#]} Rxa4 39. Rb8# {Precision: White = 80%, Black = 25%.} 1-0

[Event "Baltic Zonal 2017"]
[Site "Liepaja"]
[Date "2017.06.18"]
[Round "4"]
[White "Garanin, Aleksei"]
[Black "Miezis, Normunds"]
[Result "0-1"]
[WhiteElo "2220"]
[BlackElo "2452"]
[Annotator "TA"]
[PlyCount "50"]
[EventDate "2017.??.??"]
[EventType "swiss"]
[EventCountry "LAT"]
[SourceTitle "playchess.com"]
[Source "ChessBase"]
[SourceQuality "1"]

{[%evp 12,50,12,12,47,41,48,33,54,37,33,33,57,6,24,-27,-41,-66,-59,-55,-38,-201,-199,-227,-241,-216,-241,-311,-305,-339,-331,-572,-605,-605,-582,-734,-731,-723,-712,-710,-703]} 1. d4 Nf6 2. c4 e6 3. g3 Bb4+ 4. Bd2 a5 5. Bg2 d5 6. Nf3 O-O 7. Qc2 Ne4 {E11: Bogo-Indian} 8. O-O Nc6 9. Rd1 Bd7 $146 {White is slightly better.} ({Predecessor:} 9... f5 10. Bc3 Bd7 11. Nbd2 Be8 12. Bxb4 axb4 13. Nb3 Qf6 14. cxd5 exd5 15. Nc5 Nxc5 16. dxc5 {½-½ (56) Oms Pallisse,J (2511)-Giorgadze,G (2607) Olite 2006}) 10. Nc3 Nxd2 11. Rxd2 Be8 12. Rc1 (12. cxd5 $14 exd5 13. Ne5) 12... a4 13. Qd1 (13. cxd5 $142 exd5 14. Ne5) 13... dxc4 $11 14. a3 Bxc3 15. Rxc3 Na5 16. Qb1 $2 {[#]} (16. Ne5 $15) 16... b5 $19 17. Rd1 Ra6 {[%cal Ba8a6,Ba6d6,Bd6d5][%mdl 32]} 18. e4 Rd6 19. e5 Rd5 20. h4 {With the idea Ng5.} h6 21. Ng5 $2 {[#]} (21. Re1) 21... hxg5 {Black is clearly winning.} 22. Bxd5 Qxd5 23. hxg5 Nb3 24. f3 Nxd4 25. Kg2 Qxe5 {Precision: White = 12%, Black = 61%.} 0-1

[Event "Baltic Zonal 2017"]
[Site "Liepaja"]
[Date "2017.06.18"]
[Round "4"]
[White "Vaicekauskas, Gytis"]
[Black "Shishkov, Andrei"]
[Result "0-1"]
[WhiteElo "2207"]
[BlackElo "2377"]
[Annotator "TA"]
[PlyCount "70"]
[EventDate "2017.??.??"]
[EventType "swiss"]
[EventCountry "LAT"]
[SourceTitle "playchess.com"]
[Source "ChessBase"]
[SourceQuality "1"]

{[%evp 9,70,-2,4,-9,0,-19,-13,-42,-25,-45,-35,-34,-37,-91,-65,-64,-69,-119,-127,-182,-112,-123,-128,-121,-118,-125,-109,-118,-114,-107,-113,-104,-66,-170,-135,-133,-131,-118,-106,-97,-107,-177,-177,-468,-470,-459,-336,-368,-354,-358,-349,-356,-340,-641,-636,-955,-949,-918,-895,-867,-916,-1911,-1824]} 1. e4 c5 2. Na3 (2. Nf3 d6 3. d4 cxd4 4. Nxd4 Nf6 5. Nc3 Bd7 6. f3 e5 7. Nb3 Be7 8. Be3 O-O 9. Qd2 a5 10. a4 Na6 11. Bb5 Be6 12. Nd5 Bxd5 13. exd5 Nb4 {½-½ (37) Anand,V (2786)-Carlsen,M (2832) Stavanger 2017}) 2... b6 3. d3 Bb7 4. Nf3 g6 5. c3 Bg7 6. Bf4 {B31: Sicilian: 2...Nc6 3 Bb5 g6} d6 7. Qd2 $146 ({Predecessor:} 7. Be2 Nd7 8. h3 Ngf6 9. Rb1 O-O {0-1 (29) Larsen,B (1804)-Andersen,M (2385) Borup 2010}) 7... e5 8. Be3 {The position is equal.} (8. Bg5 $5 {[%cal Rg5d8]} f6 9. Be3 $15) 8... Nf6 9. h3 Nc6 10. Bh6 O-O 11. c4 (11. h4 $15) 11... a6 12. Be2 Nh5 13. g3 f5 14. Nh4 {[#]} (14. exf5 $17 {keeps fighting.} Nb4 15. O-O) 14... Nd4 ({Better is} 14... Nf4 $1 $19 {[%mdl 512]} 15. Bxg7 (15. gxf4 Bxh6) 15... Kxg7) 15. Bxh5 $17 gxh5 16. Bxg7 Kxg7 17. Qe3 Qf6 {Strongly threatening ...fxe4.} 18. O-O-O Qh6 {And now ...fxe4 would win.} 19. Rd2 fxe4 (19... Rf6 {looks sharper.} 20. Qxh6+ Kxh6 21. Re1 fxe4 22. dxe4 Bc8) 20. dxe4 Rf6 21. g4 (21. Re1 $15) 21... hxg4 22. hxg4 {[#] Threatens to win with g5.} Qxe3 23. fxe3 Bxe4 24. g5 Rf7 $36 {[%mdl 2048] Black is on the roll.} 25. Re1 (25. Rg1 $17 {was necessary.}) 25... Nc6 $19 {aiming for ...Nb4.} ({And not} 25... Nf3 26. Nxf3 Rxf3 27. Rxd6 $11) 26. Rxd6 $2 (26. Red1) 26... Nb4 27. Kd2 Nxa2 28. g6 Rf2+ 29. Re2 Rxe2+ 30. Kxe2 hxg6 {[%cal Bh7g6,Bg6g5][%mdl 32]} 31. Rxb6 $2 (31. Rd7+ Kh6 32. Nf3) 31... g5 {Black is clearly winning.} 32. Nf3 Nc1+ 33. Kd2 Bxf3 34. Kxc1 g4 35. Nc2 Rd8 {Precision: White = 27%, Black = 57%.} 0-1